| 000 | 00000nam##2200000za#4500 |
| 001 | 9.616011 |
| 003 | CaOODSP |
| 005 | 20210615101403 |
| 007 | ta |
| 008 | 150406|2002||||xxc||||| f|0| 0 eng|d |
| 040 | |aCaOODSP|beng |
| 043 | |an-cn--- |
| 086 | 1 |aNH18-23/100E |
| 110 | 2 |aCanada Mortgage and Housing Corporation. |
| 245 | 10|aEvaluating housing stability for people with serious mental illness at risk for homelessness |
| 260 | |aOttawa - Ontario : |bCanada Mortgage and Housing Corporation |c2002. |
| 300 | |a5p. : |bfig. ; |c28 cm. |
| 490 | 1 |aResearch highlight. Socio-economic series |v100 |
| 563 | |aPamphlet |
| 590 | |a02-34|b2002-08-23 |
| 690 | 07|aHousing|2gcpds |
| 690 | 07|aHomelessness|2gcpds |
| 690 | 07|aMental health|2gcpds |
| 775 | 08|tÉvaluation de la stabilité en logement des personnes ayant des problèmes importants de santé mentale et à risque de devenir sans-abris |w(CaOODSP)9.625960 |
| 776 | 0#|tEvaluating housing stability for people with serious mental illness at risk for homelessness |w(CaOODSP)9.571712 |
| 830 | #0|aResearch highlight. Socio-economic series ;|v100|w(CaOODSP)9.514827 |
| 986 | |a62773 |